000 00309nam a2200121Ia 4500
008 190216s9999||||xx |||||||||||||| ||und||
100 _aJain P C
245 0 _aBusiness Studies: Principles And Functions Of Management
260 _bSatish Brothers
_c2003
300 _a192
650 _aCommerce
942 _cREF
999 _c36709
_d36709